Missing Word: 'H' Names Quiz Stats

 Plays Quiz Updated Jul 14, 2016

Also try: 'H' Game
Challenge
Share
Tweet
Embed
Score 0/24 Timer 02:00
1 Play Today
Full Name Missing Name % Correct
_____ PotterHarry
97.4%
_____ FordHarrison
90.5%
_____ GrantHugh
90.5%
_____ ClintonHillary
90.3%
Hugh _____Hefner
88.9%
_____ SoloHan
88%
_____ BerryHalle
88%
_____ Hears a WhoHorton
86.8%
_____ of TroyHelen
86%
Alfred _____Hitchcock
84.4%
Herbert _____Hoover
84.3%
Harry _____Houdini
83.2%
Full Name Missing Name % Correct
_____ TubmanHarriet
77.6%
_____ the Love BugHerbie
68.8%
_____ LeeHarper
67.2%
Victor ____Hugo
64.5%
Bob _____Hope
61.2%
Jennifer _____Hudson
57.7%
Broom-_____Hilda
50%
_____ GolightlyHolly
47.7%
_____ the DuckHoward
46.3%
_____ OlajuwonHakeem
40.1%
_____ S. ThompsonHunter
39.1%
Václav _____Havel
15.9%

Today's Daily Dose

You're not logged in!

Compare scores with friends on all Sporcle quizzes.
OR
Log In

You Might Also Like...

Show Comments

Extras

Top Quizzes Today


Score Distribution

Your Account Isn't Verified!

In order to create a playlist on Sporcle, you need to verify the email address you used during registration. Go to your Sporcle Settings to finish the process.

Report this User

Report this user for behavior that violates our Community Guidelines.

Details: